La Globalización Neoliberal Niega la Democracia /
Guardat en:
| Autor principal: | |
|---|---|
| Format: | Text |
| Idioma: | Spanish |
| Publicat: |
Buenos Aires:
CLACSO
|
| Etiquetes: |
Afegir etiqueta
Sense etiquetes, Sigues el primer a etiquetar aquest registre!
|
MARC
| LEADER | 00000 a a2200000 04500 | ||
|---|---|---|---|
| 001 | 37294 | ||
| 003 | cru CIDCACS/IIS | ||
| 005 | 20170420095932.0 | ||
| 008 | 170420b xxu||||| |||| 00| 0 spa d | ||
| 020 | |a 978-987-1183-75-3 | ||
| 040 | |c CIDCACS/IIS | ||
| 090 | |a 04.04.02 H867f | ||
| 100 | 1 | |a Robledo, Jorge Enrique |9 4209 | |
| 245 | |a La Globalización Neoliberal Niega la Democracia / |c Jorge Enrique Robledo | ||
| 260 | |a Buenos Aires: |b CLACSO | ||
| 300 | |a páginas 69-82 | ||
| 942 | |2 ddc |c LI | ||
| 773 | 0 | |0 375 |9 644 |a Hoyos Vázquez, Guillermo |d Buenos Aires: CLACSO |o 04803 |t Filosofía y teorías políticas entre la crítica y la utopía / |w (cru CIDCACS/IIS)37292 |x 978-987-1183-75-3 |z 978-987-1183-75-3 | |
| 999 | |c 8208 |d 8208 | ||



